Zahraničný obchod Slovenska a vývoj jeho štruktúry diplomová práca

Saved in:
Bibliographic Details
Main Author: Holecová, Jana
Corporate Author: Národohospodárska fakulta EU. Katedra hospodárskej politiky
Other Authors: Melišek, František
Format: Book
Language:Slovak
Published: Bratislava 2008
Tags: Add Tag
No Tags, Be the first to tag this record!

MARC

LEADER 00000nam$a2200000$$$4500
001 0077622
005 20240201120844.4
041 0 |a slo 
044 |a SK 
245 1 0 |a Zahraničný obchod Slovenska a vývoj jeho štruktúry  |b diplomová práca  |c Jana Holecová ; škol. František Melišek 
264 1 |a Bratislava  |c 2008 
300 |a 81 s. 
100 1 |a Holecová, Jana 
700 1 |a Melišek, František 
710 2 |a Národohospodárska fakulta EU. Katedra hospodárskej politiky